00658 2200241 4500001002100000005001500021035002500036090002100061245004000082260003800122300002200160008004100182040001700223082001700240084001900257100003500276500002400311650003200335850001200367041000800379246001700387990001200404YOGYA00000000002500720191129110216 a0010-081400000024725 aL 899.2223 DJA s1 aSri Koemenjar /cL.K. Djajasoekarsa3 aBatavia-C :bBale Poestaka,c1938 a75 hlm. ;c21 cm.130804s1938 jki g 1 d aYOPDYOGbind04223a899.2223 a899.2223 DJA s1 aDjajasoekarsa, L.K.epengarang aTeks berbahasa Jawa 4aKesusastraan Jawa--xcerita aYOPDYOG0 ajav aSri kumencar a40383-A